00562cam a22002171 4500001001300000003000400013005001700017008004100034010001700075035002000092040001800112042001200130050002000142100003200162245003300194260001100227300001900238500001400257600005600271999001700327sa 67005711 DLC20260227112359.0891017s1967 ii 000 0 hino  asa 67005711  a(OCoLC)20501277 aDLCcWaUdDLC apremarc00aPK2098.G8bY3251 aMishra, Radheyshyam,d1938-10aYasodharā kī ṭīkā. c[1967] a348 p.c19 cm. aIn Hindi.10aGupta, Maithili Sarana,d1886-1964.tYaśodharā. c75388d75388